000 00536nam a2200205Ia 4500
005 20250923145738.0
008 008 250917s9999 xx 000 0 eng d
037 _aTextual
040 _aDSWL
_beng
_cDSWL
041 _aeng
_2eng
084 _aY31:77.2, N82
_qDSWL
100 _aRoy, R.
_9838523
245 0 _aAgainst the current
_cby R.Roy
260 _aNew Delhi
_bSatvahan
_c1982
300 _a87p.
365 _aINR
_b45.00
925 _g45.00
942 _cTEXL
_hY31:77.2, N82
999 _c1455125
_d1455125